Docteur, j'ai : stratégies diagnostiques et thérapeutiques en médecine ambulatoire (Record no. 18285)
[ view plain ]
| 000 -LEADER | |
|---|---|
| fixed length control field | 00435 a2200181 4500 |
| 035 ## - SYSTEM CONTROL NUMBER | |
| System control number | 8415 |
| 035 ## - SYSTEM CONTROL NUMBER | |
| System control number | 8416 |
| 100 ## - VEDETTE PRINCIPALE - NOM DE PERSONNE | |
| Personal name | Raetzo, M.-A. |
| 260 ## - PUBLICATION, DISTRIBUTION, ETC. (IMPRINT) | |
| Place of publication, distribution, etc | Paris |
| 260 ## - PUBLICATION, DISTRIBUTION, ETC. (IMPRINT) | |
| Name of publisher, distributor, etc | Vigot |
| 245 ## - TITLE STATEMENT | |
| Title | Docteur, j'ai : stratégies diagnostiques et thérapeutiques en médecine ambulatoire |
| 260 ## - PUBLICATION, DISTRIBUTION, ETC. (IMPRINT) | |
| Date of publication, distribution, etc | 1996 |
| 300 ## - PHYSICAL DESCRIPTION | |
| Extent | 463 p. |
| 700 ## - ADDED ENTRY--PERSONAL NAME | |
| Personal name | Restellini, A. |
| Withdrawn status | Lost status | Damaged status | Not for loan | Location (home branch) | Sublocation or collection (holding branch) | Date acquired | Koha issues (times borrowed) | Koha full call number | Koha date last seen | Price effective from | Koha item type |
|---|---|---|---|---|---|---|---|---|---|---|---|
| Bibliothèque Faculté des Sciences de la Santé | Bibliothèque Faculté des Sciences de la Santé | 27/02/2009 | WB 300 RAE | 27/02/2009 | 27/02/2009 | Livre |